Dietrich Bonhoeffer und die Juden
| Autor principal: | |
|---|---|
| Tipo de documento: | Print Artigo |
| Idioma: | Alemão |
| Verificar disponibilidade: | HBZ Gateway |
| Interlibrary Loan: | Interlibrary Loan for the Fachinformationsdienste (Specialized Information Services in Germany) |
| Publicado em: |
1982
|
| Em: |
Die Zeichen der Zeit
Ano: 1982, Volume: 36, Número: 5, Páginas: 105-112 |
| (Cadeias de) Palavra- chave padrão: | B
Bonhoeffer, Dietrich 1906-1945
/ Judeus
|
| Outras palavras-chave: | B
persecution of Jews / Holocaust
B Holocaust / Holocausto B Bonhoeffer,Dietrich |
MARC
| LEADER | 00000caa a22000002c 4500 | ||
|---|---|---|---|
| 001 | 596327781 | ||
| 003 | DE-627 | ||
| 005 | 20221017162928.0 | ||
| 007 | tu | ||
| 008 | 121113s1982 gw ||||| 00| ||ger c | ||
| 035 | |a (DE-627)596327781 | ||
| 035 | |a (DE-576)375110690 | ||
| 035 | |a (DE-599)GBV596327781 | ||
| 040 | |a DE-627 |b ger |c DE-627 |e rakwb | ||
| 041 | |a ger | ||
| 044 | |c XA-DE | ||
| 084 | |a 1 |2 ssgn | ||
| 100 | 1 | |0 (DE-588)118510290 |0 (DE-627)079313965 |0 (DE-576)160277841 |4 aut |a Bethge, Eberhard |d 1909-2000 | |
| 109 | |a Bethge, Eberhard 1909-2000 |a Bētoge, Ēbaharuto 1909-2000 | ||
| 245 | 1 | 0 | |a Dietrich Bonhoeffer und die Juden |c von Eberhard Bethge |
| 264 | 1 | |c 1982 | |
| 336 | |a Text |b txt |2 rdacontent | ||
| 337 | |a ohne Hilfsmittel zu benutzen |b n |2 rdamedia | ||
| 338 | |a Band |b nc |2 rdacarrier | ||
| 601 | |a Bonhoeffer | ||
| 650 | 4 | |a Bonhoeffer,Dietrich | |
| 650 | 4 | |a Holocaust/Judenvernichtung | |
| 650 | 4 | |a persecution of Jews/Holocaust | |
| 689 | 0 | 0 | |d p |0 (DE-588)118513214 |0 (DE-627)142358177 |0 (DE-576)208871543 |2 gnd |a Bonhoeffer, Dietrich |d 1906-1945 |
| 689 | 0 | 1 | |d s |0 (DE-588)4028808-0 |0 (DE-627)10430670X |0 (DE-576)208979565 |2 gnd |a Juden |
| 689 | 0 | |5 (DE-627) | |
| 773 | 0 | 8 | |i In |t Die Zeichen der Zeit |d Leipzig : Evangel. Verlagsanst., 1947 |g 36(1982), 5, Seite 105-112 |w (DE-627)130089419 |w (DE-600)500149-3 |w (DE-576)015623041 |x 0044-2038 |7 nnas |
| 773 | 1 | 8 | |g volume:36 |g year:1982 |g number:5 |g pages:105-112 |
| 935 | |a mteo | ||
| 935 | |i Blocktest | ||
| 951 | |a AR | ||
| ELC | |b 1 | ||
| ITA | |a 1 |t 1 | ||
| LOK | |0 000 xxxxxcx a22 zn 4500 | ||
| LOK | |0 001 3279313627 | ||
| LOK | |0 003 DE-627 | ||
| LOK | |0 004 596327781 | ||
| LOK | |0 005 20160405101908 | ||
| LOK | |0 008 160404||||||||||||||||ger||||||| | ||
| LOK | |0 040 |a DE-Tue135 |c DE-627 |d DE-Tue135 | ||
| LOK | |0 092 |o n | ||
| LOK | |0 852 |a DE-Tue135 | ||
| LOK | |0 852 1 |9 00 | ||
| LOK | |0 935 |a ixzs |a ixmi | ||
| LOK | |0 939 |a 04-04-16 |b l01 | ||
| ORI | |a SA-MARC-ixtheoa001.raw | ||
| STA | 0 | 0 | |a Jews,Jews,Jew,Jews in literature |
| STB | 0 | 0 | |a Juifs,Juifs |
| STC | 0 | 0 | |a Judíos,Judíos,Judíos |
| STD | 0 | 0 | |a Ebrei,Ebrei |
| STE | 0 | 0 | |a 犹太人,犹太人 |
| STF | 0 | 0 | |a 猶太人,猶太人 |
| STG | 0 | 0 | |a Judeus,Judeus |
| STH | 0 | 0 | |a Евреи (мотив),Евреи |
| STI | 0 | 0 | |a Εβραίοι (μοτίβο),Εβραίοι |
| SYG | 0 | 0 | |a Bonchëffer, Ditrich,1906-1945,Bonheffā, Dītorihi,1906-1945,Bonhefer, Ditrih,1906-1945,Bonheffā,1906-1945,Bonheffer, Dytrych,1906-1945,Pan huo hua,1906-1945,Panhuohua,1906-1945,Bon hoe peo,1906-1945,Bonhoepeo,1906-1945,Bonhēfers, Dītrihs,1906-1945,Boncheffer, Ditrich,1906-1945,Būnhūfir, Dītrīš,1906-1945,Bonchëffer, D.,1906-1945,Penghuofeier, Ditelixi,1906-1945,Ditelixi Penghuofeier,1906-1945,Penghuofeier,1906-1945,Bonnhoeffer, Dietrich,1906-1945 , Jews,Jüdinnen,Jude,Jüdin,Jude |